| 000 -LEADER |
| fixed length control field |
00349nam a22001097a 4500 |
| 008 - FIXED-LENGTH DATA ELEMENTS--GENERAL INFORMATION |
| fixed length control field |
180205b xxu||||| |||| 00| 0 eng d |
| 100 ## - MAIN ENTRY--AUTHOR'S NAME |
| Author's Name |
Storch, J. |
| 245 ## - TITLE STATEMENT |
| Title |
Timbres de France au type merson |
| 260 ## - PUBLICATION, DISTRIBUTION, ETC. (IMPRINT) |
| Place of publication, distribution, etc. |
London |
| Name of publisher, distributor, etc. |
Royal Philatelic Society |
| Date of publication, distribution, etc. |
1990 |
| 650 ## - TOPICAL TERM (Tag) |
| Topical term or geographic name |
Merson issue (France) | Postage-stamps--France | Production--France |
| 700 ## - SECONDARY AUTHOR, EDITOR OR ILLUSTRATOR |
| Personal Name |
Francon, R. |